000 00708nam a2200205 a 4500
005 20240704063645.0
008 010608s1996 es r 000 0 spa d
020 _a8478270965
035 _aUPN01000127790
049 _aCG
050 4 _aLB1555
_bC6.5 1996
245 0 0 _aCómo trabajar los contenidos procedimentales en el aula /
_ccoord. Antoni Zabala.
250 _a2a ed.
260 _aBarcelona, Esp. :
_bGraó :
_bUniversitat de Barcelona, Institut de Ciències de l'Educació,
_c1996.
300 _a219 p.
440 0 _aMateriales para la innovación educativa ;
_v8
650 4 _aEducación primaria
_xFines y objetivos
_916039
700 1 _aZabala Vidiella, Antoni
_ecoord.
_929511
905 _aLibro
999 _c99969
_d99969